000 00326nam a2200145Ia 4500
100 _aGravano/Salvatore
942 _cBK
366 _f20
245 _aIntroduction to Error control codes
260 _bOxford university press
_c2001
082 _a3.54
_bGRA
300 _a261
546 _aENGLISH
_cComputers
999 _c33007
_d33007